| 000 | 00575nam a2200193 a 4500 | ||
|---|---|---|---|
| 005 | 20140310183445.0 | ||
| 008 | 080930s19uu xx 00 eng d | ||
| 020 | _a978583555331 | ||
| 050 |
_aRT 85.5 _b.B475 2007 |
||
| 245 |
_aBest practices : _bevidence-based nursing procedure. / |
||
| 250 | _a2nd ed. | ||
| 260 | _aNursing Books. | ||
| 300 |
_a628 p. : _bcol. ill. ; _c27 cm. |
||
| 521 | _aNUR | ||
| 650 |
_aNursing Care _xstandards _xPractice Guideline. |
||
| 650 |
_aEvidence-Based Medicine _xmethods _xPractice Guideline. |
||
| 942 |
_cBK _2lcc _kFOR |
||
| 999 |
_c23234 _d23234 |
||